| 000 | 00578nam a22001937a 4500 | ||
|---|---|---|---|
| 003 | OSt | ||
| 005 | 20151105150708.0 | ||
| 008 | 151105b xxu||||| |||| 00| 0 eng d | ||
| 020 | _a978074946022 | ||
| 040 | _cDDC | ||
| 050 |
_a658.72 BOO, 2010; _bBOO 2010 |
||
| 100 |
_aCaroline, Booth; _96002 |
||
| 245 |
_aStrategic Procurement; _bOrganising Suppliers and supply chains for competitive advantage. |
||
| 260 |
_aLondon _bKogan pages _c2010 |
||
| 300 |
_axi,180p; _bill: _c30cm |
||
| 504 | _aReferences and index are included | ||
| 650 |
_aprocurement _9339 |
||
| 942 |
_2ddc _cSLOAN |
||
| 999 |
_c2435 _d2435 |
||